000 00256 a2200109 4500
020 _a9789353062910
100 _aSerope Kalpakjian
245 _aManufacturing processes for engineering materials
250 _a6th
260 _bPearson
_c2024
942 _cOO
999 _c116030
_d116029